000 00593nam a22002177a 4500
005 20151009160109.0
008 151009b xxu||||| |||| 00| 0 eng d
020 _a9788125910565
_c395
040 _aLoreto College
041 _aEnglish
082 _a371.102
_bAGG
100 _aAggarwal, J.C.
245 _aPrinciples, methods and techniques of teaching
_cJ.C. Aggarwal
250 _a2nd rev. ed
260 _aNew Delhi
_bVikas Publishing House Pvt.Ltd
_c2001
300 _axi,427p
_b23 cm
504 _aIncludes index
650 _aTeaching Methods
850 _aLCBED
942 _cBK
999 _c40129
_d90608